Insolvency Forecasting through Trend Analysis with Full Ignorance of Probabilities

Predpovedanie bankrotov v podmienkach veľkého nedostatku informácií. Takéto bankroty často popisujú nečíselné kvantifikátory, napr. slová - nízky, stredný, vysoký. Prenos takýchto slovných hodnôt do fuzzy množín je však veľmi subjektívny. Riešením trendového modelu je súbor scenárov, kde X je množin...

Ausführliche Beschreibung

Gespeichert in:
Bibliographische Detailangaben
1. Verfasser: Poláček, Tomáš
Weitere Verfasser: Kruntorádová, Markéta
Format: Buchkapitel
Sprache:Englisch
Schlagworte:
Tags: Tag hinzufügen
Keine Tags, Fügen Sie das erste Tag hinzu!

MARC

LEADER 00000naa a2200000 4500
001 0268206
005 20200903130549.1
041 0 |a eng 
044 |a CZ 
245 1 0 |a Insolvency Forecasting through Trend Analysis with Full Ignorance of Probabilities  |c Tomáš Poláček, Markéta Kruntorádová 
520 |a Predpovedanie bankrotov v podmienkach veľkého nedostatku informácií. Takéto bankroty často popisujú nečíselné kvantifikátory, napr. slová - nízky, stredný, vysoký. Prenos takýchto slovných hodnôt do fuzzy množín je však veľmi subjektívny. Riešením trendového modelu je súbor scenárov, kde X je množina premenných kvantifikovaných trendmi. Generujú sa všetky možné prechody medzi scenármi. 
610 2 0 |a prognózy 
610 2 0 |a nestabilita finančná 
610 2 0 |a platby elektronické 
610 2 0 |a bankrot 
100 1 |a Poláček, Tomáš 
700 1 |a Kruntorádová, Markéta